00314nam a2200121Ia 4500003000400000008004100004040001600045082001800061100001900079245005600098260003000154300000800184GCL140319s9999 xx 000 0 eng d aGCL / cGCL04a652.5416bM W1 aMONSFIELD, RON10aWord 5.1 For the Mac How to Book / cMONSFIELD, RON a[S.N] : bSYBEX ، c1993 a859